[Event "4NCL Division 1 & 2"]
[Site "Daventry, ENG"]
[Date "2022.06.26"]
[Round "11.41"]
[White "Clarke, Brandon G I"]
[Black "Holland, James P"]
[Result "1-0"]
[WhiteElo "2470"]
[BlackElo "2393"]
[PlyCount "91"]
[EventDate "2022.06.26"]
[WhiteTeam "Guildford Young Guns"]
[BlackTeam "The Sharks 1"]

1. e4 c5 2. Nf3 d6 3. d4 cxd4 4. Nxd4 Nf6 5. Nc3 g6 6. Be3 a6 7. f3 h5 8. Qd2
e5 9. Nb3 Be6 10. O-O-O Nbd7 11. Kb1 Rc8 12. Bd3 b5 13. f4 Be7 14. h3 Qc7 15.
Rhe1 Qb8 16. Nd5 Nxd5 17. exd5 Bxd5 18. Bxb5 Qxb5 19. Qxd5 Qxd5 20. Rxd5 O-O
21. fxe5 Nxe5 22. Bc5 dxc5 23. Rdxe5 Bd6 24. Rd5 Bg3 25. Re3 Bf2 26. Re2 Bg1
27. c3 Rfe8 28. Rde5 Rxe5 29. Rxe5 Kg7 30. Kc2 Kf6 31. Re2 Kg5 32. Re1 Bh2 33.
Re7 Kh4 34. Nd2 f5 35. Re6 g5 36. Rf6 f4 37. Rg6 g4 38. hxg4 hxg4 39. Ne4 Rh8
40. Kd3 f3 41. gxf3 gxf3 42. Ke3 Be5 43. Kxf3 Rf8+ 44. Ke3 c4 45. Rxa6 Rb8 46.
Nd2 1-0

[Event "4NCL Division 1 & 2"]
[Site "Daventry, ENG"]
[Date "2022.06.26"]
[Round "11.42"]
[White "Makkar, Rajat"]
[Black "Suarez Real, Alberto"]
[Result "1-0"]
[WhiteElo "2317"]
[BlackElo "2431"]
[PlyCount "107"]
[EventDate "2022.06.26"]
[WhiteTeam "The Sharks 1"]
[BlackTeam "Guildford Young Guns"]

1. Nf3 Nf6 2. c4 g6 3. Nc3 Bg7 4. e4 O-O 5. d4 d6 6. h3 e5 7. d5 Na6 8. Be3 Nd7
9. g4 f5 10. gxf5 gxf5 11. Ng5 Ndc5 12. Rg1 h6 13. Ne6 Nxe6 14. dxe6 f4 15. Qg4
Qg5 16. Qxg5 hxg5 17. e7 Re8 18. Bd2 c6 19. Rxg5 Rxe7 20. O-O-O Be6 21. h4 Kf7
22. h5 Rh8 23. Be2 Nc7 24. b4 Ne8 25. a4 Bf6 26. Rg2 Kf8 27. a5 Rg7 28. Rh2 Bd8
29. Kb2 Nf6 30. c5 dxc5 31. Be3 Be7 32. Bxc5 Bxc5 33. Rd8+ Ne8 34. bxc5 Rd7 35.
Rb8 a6 36. h6 Ke7 37. h7 Bf7 38. Bg4 Rc7 39. Bf5 Kf6 40. Rg2 Re7 41. Ka3 Rc7
42. Na4 Re7 43. Nb6 Be6 44. Bxe6 Kxe6 45. Rg8 Rhxh7 46. Rgxe8 Rh2 47. Rxe7+
Kxe7 48. Rxb7+ Kf6 49. f3 Rh3 50. Nd7+ Ke6 51. Nf8+ Kf6 52. Rb3 Ke7 53. Nh7 Rg3
54. Kb2 1-0

[Event "4NCL Division 1 & 2"]
[Site "Daventry, ENG"]
[Date "2022.06.26"]
[Round "11.43"]
[White "Davies, Nigel R"]
[Black "Roberson, Peter T"]
[Result "0-1"]
[WhiteElo "2448"]
[BlackElo "2426"]
[PlyCount "80"]
[EventDate "2022.06.26"]
[WhiteTeam "Guildford Young Guns"]
[BlackTeam "The Sharks 1"]

1. Nf3 d5 2. g3 g6 3. Bg2 Bg7 4. c4 dxc4 5. Qa4+ Nc6 6. Qxc4 e5 7. d3 Nge7 8.
O-O Be6 9. Qc2 h6 10. Nc3 O-O 11. Bd2 Nd4 12. Nxd4 exd4 13. Na4 Bd5 14. Bh3 Bc6
15. Bg2 Bxg2 16. Kxg2 Re8 17. b4 Nd5 18. Rae1 Qd6 19. Qb3 Rad8 20. e4 dxe3 21.
fxe3 Nf6 22. Nb2 Rd7 23. d4 Ne4 24. Bc1 b5 25. Rd1 Qc6 26. Kg1 Ng5 27. d5 Qb7
28. Rd3 Re5 29. Rfd1 Ne4 30. Bd2 Rdxd5 31. Be1 Rxd3 32. Nxd3 Re7 33. Nc5 Nxc5
34. bxc5 Qf3 35. Bf2 Kh7 36. Rd2 c6 37. Qb4 Rxe3 38. Bxe3 Qxe3+ 39. Kf1 Bc3 40.
Qb3 Qxd2 0-1

[Event "4NCL Division 1 & 2"]
[Site "Daventry, ENG"]
[Date "2022.06.26"]
[Round "11.46"]
[White "Dong, Bao Nghia"]
[Black "Price, Gwilym"]
[Result "1-0"]
[WhiteElo "2341"]
[BlackElo "2227"]
[PlyCount "63"]
[EventDate "2022.06.26"]
[WhiteTeam "The Sharks 1"]
[BlackTeam "Guildford Young Guns"]

1. e4 c5 2. Nf3 e6 3. d4 cxd4 4. Nxd4 Nf6 5. Nc3 Nc6 6. Nxc6 bxc6 7. e5 Nd5 8.
Ne4 Qc7 9. f4 Qb6 10. c4 Bb4+ 11. Ke2 f5 12. exf6 Nxf6 13. Be3 Qd8 14. Nd6+
Bxd6 15. Qxd6 Bb7 16. Rd1 Rc8 17. Qc5 d5 18. g3 Ne4 19. Qxa7 Qe7 20. Bg2 Ra8
21. Qb6 e5 22. Bxe4 exf4 23. Bc5 Ra6 24. Qb4 Qxe4+ 25. Kd2 Qg2+ 26. Kc1 Bc8 27.
Rhe1+ Kf7 28. Re7+ Kg6 29. Rg1 Qxh2 30. gxf4+ Kh6 31. Qc3 Rg8 32. Rexg7 1-0

[Event "4NCL Division 1 & 2"]
[Site "Daventry, ENG"]
[Date "2022.06.26"]
[Round "11.47"]
[White "Kalaiyalahan, Akshaya"]
[Black "Batchelor, Peter J"]
[Result "1/2-1/2"]
[WhiteElo "2212"]
[BlackElo "2368"]
[PlyCount "132"]
[EventDate "2022.06.26"]
[WhiteTeam "Guildford Young Guns"]
[BlackTeam "The Sharks 1"]

1. Nf3 Nf6 2. g3 d5 3. Bg2 e6 4. O-O Be7 5. d4 O-O 6. c4 dxc4 7. Qc2 a6 8. Qxc4
b5 9. Qc2 Bb7 10. Bd2 Nc6 11. e3 Nb4 12. Bxb4 Bxb4 13. a3 Bd6 14. Nbd2 Qe7 15.
e4 e5 16. d5 c6 17. dxc6 Rac8 18. Rfc1 Rxc6 19. Qd3 Bc5 20. b4 Rd8 21. Qe2 Bb6
22. Rxc6 Bxc6 23. Rc1 Bb7 24. h3 Qe6 25. Rc2 Ne8 26. Ne1 Rc8 27. Qd3 Nd6 28.
Rxc8+ Bxc8 29. Nc2 Nc4 30. Nxc4 bxc4 31. Qc3 Qf6 32. Ne3 Be6 33. Qd2 Bd4 34.
Nd1 h6 35. h4 g5 36. h5 Bg4 37. Ne3 Bxe3 38. Qxe3 Qd6 39. f3 Be6 40. Bf1 Qd1
41. Qc3 g4 42. fxg4 Qxg4 43. Bxc4 Bxc4 44. Qxc4 Qxg3+ 45. Kf1 Qf3+ 46. Ke1 Kg7
47. Qxa6 Qxe4+ 48. Qe2 Qh4+ 49. Kd2 Qd4+ 50. Kc2 f5 51. Qg2+ Qg4 52. Qb7+ Kf6
53. Qc6+ Kg5 54. Qg6+ Kh4 55. Qf6+ Kh3 56. Qxh6 f4 57. Qg6 f3 58. Qxg4+ Kxg4
59. h6 f2 60. h7 f1=Q 61. h8=Q Qc4+ 62. Kd2 Qa2+ 63. Ke1 Qb1+ 64. Ke2 Qb2+ 65.
Ke1 Qc1+ 66. Ke2 Qb2+ 1/2-1/2

[Event "4NCL Division 1 & 2"]
[Site "Daventry, ENG"]
[Date "2022.06.26"]
[Round "11.48"]
[White "Murphy, Hugh W"]
[Black "Golding, James"]
[Result "1-0"]
[WhiteElo "2177"]
[BlackElo "2097"]
[PlyCount "77"]
[EventDate "2022.06.26"]
[WhiteTeam "The Sharks 1"]
[BlackTeam "Guildford Young Guns"]

1. d4 d5 2. Nf3 c5 3. c3 Nc6 4. dxc5 a5 5. e4 dxe4 6. Qxd8+ Nxd8 7. Ne5 Nc6 8.
Bb5 Bd7 9. Nxd7 Kxd7 10. Nd2 f5 11. Nc4 Ke6 12. Bf4 g6 13. O-O-O Bh6 14. Bxh6
Nxh6 15. f3 exf3 16. gxf3 Rhd8 17. Rhe1+ Kf6 18. Rxd8 Rxd8 19. Bxc6 bxc6 20.
Nxa5 Rc8 21. b4 g5 22. Nc4 Nf7 23. a4 h5 24. Nb6 Rc7 25. Kd2 Ne5 26. Ke2 g4 27.
fxg4 hxg4 28. a5 e6 29. Kf1 Nf3 30. Re2 Ra7 31. Nc8 Ra6 32. Nd6 e5 33. Ra2 Ke6
34. c4 Nd4 35. b5 cxb5 36. cxb5 Ra8 37. b6 Nc6 38. a6 Kd5 39. b7 1-0

[Event "4NCL Division 1 & 2"]
[Site "Daventry, ENG"]
[Date "2022.06.26"]
[Round "11.51"]
[White "Willow, Jonah B"]
[Black "Reimanis, Ritvars"]
[Result "1/2-1/2"]
[WhiteElo "2393"]
[BlackElo "2508"]
[PlyCount "44"]
[EventDate "2022.06.26"]
[WhiteTeam "Wood Green Youth"]
[BlackTeam "Celtic Tigers 1"]

1. e4 e5 2. Nf3 Nc6 3. Nc3 Nf6 4. Bb5 Nd4 5. Bc4 Bc5 6. d3 d6 7. Na4 b5 8. Nxd4
bxc4 9. Nf3 Bb6 10. dxc4 Nxe4 11. Nxb6 axb6 12. Qd5 Bf5 13. Qc6+ Kf8 14. Nh4
Qxh4 15. Qxa8+ Ke7 16. g3 Qg4 17. Qa3 Nxg3 18. Bg5+ Ke6 19. Qxg3 Qe4+ 20. Kd2
Qxc2+ 21. Ke1 Qe4+ 22. Kd2 Qc2+ 1/2-1/2

[Event "4NCL Division 1 & 2"]
[Site "Daventry, ENG"]
[Date "2022.06.26"]
[Round "11.52"]
[White "Urkedal, Frode Olav Olsen"]
[Black "Royal, Shreyas"]
[Result "1-0"]
[WhiteElo "2543"]
[BlackElo "2354"]
[PlyCount "71"]
[EventDate "2022.06.26"]
[WhiteTeam "Celtic Tigers 1"]
[BlackTeam "Wood Green Youth"]

1. c4 Nf6 2. Nc3 e5 3. g3 Bb4 4. Bg2 Bxc3 5. bxc3 O-O 6. d3 d6 7. e4 Nc6 8. Nf3
a6 9. a4 h6 10. O-O Be6 11. Nh4 Rb8 12. a5 Nh7 13. h3 Qf6 14. Qh5 Ne7 15. Nf3
Kh8 16. Nh2 Qg6 17. Qxg6 Nxg6 18. Ng4 Ne7 19. Ne3 f5 20. exf5 Nxf5 21. Rb1 b5
22. cxb5 axb5 23. a6 Ng5 24. a7 Ra8 25. h4 Nxe3 26. fxe3 Rxf1+ 27. Kxf1 Rxa7
28. hxg5 hxg5 29. Bc6 Ra2 30. Bb2 Bb3 31. Ke2 Kh7 32. Kd2 Kg6 33. Bxb5 Kh5 34.
Bd7 c5 35. c4 d5 36. Kc3 1-0

[Event "4NCL Division 1 & 2"]
[Site "Daventry, ENG"]
[Date "2022.06.26"]
[Round "11.53"]
[White "McDonald, Neil"]
[Black "Quinn, John M"]
[Result "1-0"]
[WhiteElo "2407"]
[BlackElo "2208"]
[PlyCount "67"]
[EventDate "2022.06.26"]
[WhiteTeam "Wood Green Youth"]
[BlackTeam "Celtic Tigers 1"]

1. e4 c5 2. Nf3 e6 3. b3 Nc6 4. Bb2 Nf6 5. e5 Nd5 6. g3 d6 7. exd6 Qxd6 8. Bg2
Bd7 9. O-O f6 10. c4 Ndb4 11. d4 Nxd4 12. Nxd4 cxd4 13. a3 Nc6 14. b4 e5 15. f4
Be7 16. fxe5 fxe5 17. Nd2 Be6 18. c5 Qc7 19. b5 Nd8 20. Qa4 Bf6 21. Ne4 O-O 22.
Rac1 Qe7 23. Nd6 Bg5 24. Rxf8+ Kxf8 25. Rf1+ Kg8 26. Qc2 Rb8 27. a4 Nf7 28. Ba3
Nxd6 29. cxd6 Qd7 30. Qe4 Bc4 31. Rf5 Be3+ 32. Kh1 Bxb5 33. axb5 Qxb5 34. Qd5+
1-0

[Event "4NCL Division 1 & 2"]
[Site "Daventry, ENG"]
[Date "2022.06.26"]
[Round "11.54"]
[White "Zulfic, Fedja"]
[Black "O'Donnell, Conor"]
[Result "1/2-1/2"]
[WhiteElo "2222"]
[BlackElo "2287"]
[PlyCount "46"]
[EventDate "2022.06.26"]
[WhiteTeam "Celtic Tigers 1"]
[BlackTeam "Wood Green Youth"]

1. d4 f5 2. Nf3 Nf6 3. g3 e6 4. Bg2 d5 5. O-O Bd6 6. b3 Qe7 7. a4 a5 8. Ba3
Bxa3 9. Nxa3 O-O 10. c4 c6 11. Nc2 Nbd7 12. Nce1 b6 13. Nd3 Bb7 14. Nfe5 Rfd8
15. cxd5 cxd5 16. Rc1 Rac8 17. Qd2 Qa3 18. Nxd7 Nxd7 19. Qe3 Kf7 20. Qf4 Qe7
21. h4 Ba6 22. Ne5+ Nxe5 23. Qxe5 Qd7 1/2-1/2

[Event "4NCL Division 1 & 2"]
[Site "Daventry, ENG"]
[Date "2022.06.26"]
[Round "11.55"]
[White "Haydon, David L"]
[Black "Kulon, Klaudia"]
[Result "1/2-1/2"]
[WhiteElo "2275"]
[BlackElo "2293"]
[PlyCount "97"]
[EventDate "2022.06.26"]
[WhiteTeam "Wood Green Youth"]
[BlackTeam "Celtic Tigers 1"]

1. e4 e5 2. Nf3 Nc6 3. Bb5 a6 4. Ba4 d6 5. Bxc6+ bxc6 6. d4 f6 7. c4 Ne7 8. Be3
exd4 9. Nxd4 c5 10. Ne2 Be6 11. b3 g6 12. Qd2 h6 13. Nbc3 Bg7 14. Rd1 f5 15.
Ng3 Qb8 16. exf5 Qb4 17. Nce2 Qxd2+ 18. Bxd2 Nxf5 19. Nxf5 Bxf5 20. Bc3 O-O 21.
Bxg7 Kxg7 22. Nc3 a5 23. O-O Bd7 24. Rfe1 a4 25. Re7+ Rf7 26. Rxf7+ Kxf7 27.
Nd5 Ra7 28. f3 Be6 29. Nc3 axb3 30. axb3 Ra3 31. Nb5 Rxb3 32. Nxc7 Rb6 33. Nxe6
Kxe6 34. Re1+ Kf5 35. Re4 Rb2 36. h4 h5 37. Kf1 Rd2 38. Kg1 g5 39. g4+ hxg4 40.
Rxg4 gxh4 41. Rxh4 Ke6 42. Re4+ Kd7 43. Kf1 Kc6 44. Ke1 Rc2 45. f4 Rh2 46. Kd1
Kd7 47. Ke1 Kc6 48. Kd1 Kd7 49. Ke1 1/2-1/2

[Event "4NCL Division 1 & 2"]
[Site "Daventry, ENG"]
[Date "2022.06.26"]
[Round "11.56"]
[White "Pein, Jonathan"]
[Black "Horton, Jamie A"]
[Result "1-0"]
[WhiteElo "2229"]
[BlackElo "2258"]
[PlyCount "49"]
[EventDate "2022.06.26"]
[WhiteTeam "Celtic Tigers 1"]
[BlackTeam "Wood Green Youth"]

1. e4 c6 2. d4 d5 3. e5 Bf5 4. h4 h5 5. Bg5 Qb6 6. Bd3 Bxd3 7. Qxd3 e6 8. Nd2
Qa6 9. c4 Bb4 10. b3 Ne7 11. Ne2 c5 12. O-O Nbc6 13. Rfd1 Bxd2 14. Qxd2 dxc4
15. Bxe7 Nxe7 16. dxc5 Nd5 17. Ng3 c3 18. Qg5 g6 19. Ne4 Qc6 20. Rac1 b6 21.
Rd3 O-O 22. Qh6 f5 23. Qxg6+ Kh8 24. Qxh5+ Kg7 25. Rg3# 1-0

[Event "4NCL Division 1 & 2"]
[Site "Daventry, ENG"]
[Date "2022.06.26"]
[Round "11.57"]
[White "Ashworth, Michael"]
[Black "Pein, Malcolm"]
[Result "1/2-1/2"]
[WhiteElo "2210"]
[BlackElo "2307"]
[PlyCount "46"]
[EventDate "2022.06.26"]
[WhiteTeam "Wood Green Youth"]
[BlackTeam "Celtic Tigers 1"]

1. d4 Nf6 2. c4 g6 3. Nc3 Bg7 4. e4 O-O 5. Be3 d6 6. f3 Nc6 7. Qd2 a6 8. Nge2
Bd7 9. Nc1 e5 10. d5 Nd4 11. N1e2 Nxe2 12. Bxe2 Nh5 13. O-O-O b5 14. c5 dxc5
15. Bxc5 Re8 16. Kb1 Bf8 17. Bxf8 Rxf8 18. Rc1 Qe7 19. Nd1 Rac8 20. Nf2 Nf4 21.
g3 Nxe2 22. Qxe2 c6 23. dxc6 Rxc6 1/2-1/2

[Event "4NCL Division 1 & 2"]
[Site "Daventry, ENG"]
[Date "2022.06.26"]
[Round "11.58"]
[White "Pedersen, Carsten"]
[Black "Sygnowski, Tomasz"]
[Result "1-0"]
[WhiteElo "2097"]
[BlackElo "2131"]
[PlyCount "53"]
[EventDate "2022.06.26"]
[WhiteTeam "Celtic Tigers 1"]
[BlackTeam "Wood Green Youth"]

1. e4 e6 2. d4 d5 3. Nd2 Nf6 4. e5 Nfd7 5. Bd3 c5 6. c3 Nc6 7. Ne2 cxd4 8. cxd4
Qb6 9. Nf3 f6 10. exf6 Nxf6 11. O-O Bd6 12. b3 O-O 13. Bb2 Bd7 14. Ne5 Bxe5 15.
dxe5 Ng4 16. Bd4 Nxd4 17. Nxd4 Rf4 18. Nf3 Raf8 19. Qe2 Qd8 20. h3 Nh6 21. Qe3
Kh8 22. Rac1 a6 23. Rc2 Bb5 24. Bxb5 axb5 25. Rfc1 Qe8 26. Rc8 d4 27. Qxf4 1-0

[Event "4NCL Division 1 & 2"]
[Site "Daventry, ENG"]
[Date "2022.06.26"]
[Round "11.61"]
[White "Jones, Steven A"]
[Black "Ansell, Simon T"]
[Result "1/2-1/2"]
[WhiteElo "2244"]
[BlackElo "2427"]
[PlyCount "59"]
[EventDate "2022.06.26"]
[WhiteTeam "West is Best 1"]
[BlackTeam "Blackthorne"]

1. e4 c5 2. Nc3 Nc6 3. Nge2 e5 4. Nd5 d6 5. Nec3 Nf6 6. Bc4 Be7 7. O-O O-O 8.
d3 Be6 9. Nxf6+ Bxf6 10. Nd5 Nb4 11. Nxb4 cxb4 12. Bd2 a5 13. Bxe6 fxe6 14. a3
bxa3 15. Rxa3 b5 16. c4 b4 17. Ra4 Bg5 18. Qc1 Bxd2 19. Qxd2 Qb6 20. Rfa1 Ra7
21. Qe3 Qxe3 22. fxe3 Rfa8 23. b3 Kf7 24. Kf2 Ke7 25. Ke2 Kd7 26. d4 Kc6 27.
Rd1 exd4 28. exd4 Re8 29. Ke3 e5 30. d5+ 1/2-1/2

[Event "4NCL Division 1 & 2"]
[Site "Daventry, ENG"]
[Date "2022.06.26"]
[Round "11.62"]
[White "Gormally, Daniel W"]
[Black "Cooper, John G"]
[Result "0-1"]
[WhiteElo "2470"]
[BlackElo "2237"]
[PlyCount "46"]
[EventDate "2022.06.26"]
[WhiteTeam "Blackthorne"]
[BlackTeam "West is Best 1"]

1. e4 c5 2. Nf3 e6 3. c3 d5 4. exd5 exd5 5. d4 Nc6 6. Be3 cxd4 7. Nxd4 Nf6 8.
Be2 Bd6 9. O-O O-O 10. Nd2 Re8 11. Bg5 Nxd4 12. cxd4 Bf5 13. Rc1 Re6 14. Bf3
Qb6 15. Nb3 Ne4 16. Be3 Rae8 17. Nc5 R6e7 18. Qb3 Bxc5 19. Qxd5 Bxd4 20. Bxd4
Qg6 21. Be3 Ng5 22. Bxg5 Qxg5 23. Qd4 Qg6 0-1

[Event "4NCL Division 1 & 2"]
[Site "Daventry, ENG"]
[Date "2022.06.26"]
[Round "11.63"]
[White "Blackburn, Jonathan L B"]
[Black "Ledger, Andrew J"]
[Result "0-1"]
[WhiteElo "2229"]
[BlackElo "2343"]
[PlyCount "100"]
[EventDate "2022.06.26"]
[WhiteTeam "West is Best 1"]
[BlackTeam "Blackthorne"]

1. d4 Nf6 2. c4 e6 3. Nc3 Bb4 4. e3 O-O 5. Bd2 d5 6. Nf3 Re8 7. Qc2 b6 8. cxd5
exd5 9. Bd3 Bb7 10. a3 Bf8 11. Ng5 g6 12. h4 Ba6 13. Bxa6 Nxa6 14. h5 Bg7 15.
Qd3 Nb8 16. O-O-O Nbd7 17. Nxh7 Nxh7 18. hxg6 fxg6 19. Nxd5 Ndf8 20. e4 Qd7 21.
Bc3 Ng5 22. f3 Nge6 23. g3 Rad8 24. Nf4 Bxd4 25. Nd5 Bg7 26. Qc4 Qf7 27. Bxg7
Qxg7 28. Kb1 b5 29. Qc6 Nd7 30. Nxc7 Nxc7 31. Qxc7 Nf8 32. Qc6 Qf7 33. Rxd8
Rxd8 34. Qxb5 Qxf3 35. Qc4+ Kg7 36. Rc1 Qxg3 37. Ka1 Qe5 38. Rf1 Ne6 39. Qa4 a5
40. Qc6 Rf8 41. Qd7+ Kg8 42. Rh1 Ng7 43. Qh3 Nh5 44. Qg4 Kg7 45. Rd1 Rf2 46.
Qd7+ Kh6 47. Qb7 Re2 48. Rd5 Qxe4 49. Qa8 Re1+ 50. Ka2 Qc4+ 0-1

[Event "4NCL Division 1 & 2"]
[Site "Daventry, ENG"]
[Date "2022.06.26"]
[Round "11.64"]
[White "Bates, Richard A"]
[Black "Redmond, John P."]
[Result "1/2-1/2"]
[WhiteElo "2397"]
[BlackElo "2197"]
[PlyCount "106"]
[EventDate "2022.06.26"]
[WhiteTeam "Blackthorne"]
[BlackTeam "West is Best 1"]

1. d4 e6 2. Nf3 Nf6 3. e3 d5 4. Bd3 Nbd7 5. Nbd2 b6 6. O-O Bb7 7. b3 Be7 8. Bb2
O-O 9. c4 c5 10. Rc1 Rc8 11. Qe2 Ne4 12. cxd5 exd5 13. Ba6 Bxa6 14. Qxa6 Nxd2
15. Nxd2 Rc7 16. Nf3 Qc8 17. Qe2 Qb7 18. dxc5 bxc5 19. Rfd1 Bf6 20. Ba3 Rfc8
21. Qd3 Nb6 22. Qb5 Be7 23. Ne5 c4 24. Bxe7 Rxe7 25. Nf3 Rec7 26. Nd4 Rc5 27.
Qb4 g6 28. Qa3 a5 29. b4 axb4 30. Qxb4 Qa6 31. Rb1 Na4 32. Rdc1 R5c7 33. Qa3
Nc5 34. Qxa6 Nxa6 35. Nb5 Rb7 36. Nc3 Rxb1 37. Rxb1 Rd8 38. Rd1 Nc7 39. Rd4 Ra8
40. a4 Ra5 41. g4 Rc5 42. Kf1 Kf8 43. Ke2 Ke7 44. g5 Ke6 45. Rh4 Rc6 46. Rf4
Ke7 47. Rd4 Ke6 48. Kd2 Rb6 49. Kc2 Rd6 50. Rh4 Na6 51. Nb5 Rb6 52. Rf4 Ke7 53.
Nc3 Rd6 1/2-1/2

[Event "4NCL Division 1 & 2"]
[Site "Daventry, ENG"]
[Date "2022.06.26"]
[Round "11.65"]
[White "Kett, Tim"]
[Black "Webb, Laurence E"]
[Result "1-0"]
[WhiteElo "2158"]
[BlackElo "2279"]
[PlyCount "81"]
[EventDate "2022.06.26"]
[WhiteTeam "West is Best 1"]
[BlackTeam "Blackthorne"]

1. e4 e6 2. d4 d5 3. e5 c5 4. c3 Nc6 5. Nf3 Bd7 6. dxc5 Bxc5 7. Bd3 Nge7 8. O-O
Ng6 9. Re1 Bb6 10. Qe2 O-O 11. Bg5 Qb8 12. Na3 f6 13. exf6 gxf6 14. Be3 Nf4 15.
Qd2 Bxe3 16. Rxe3 Kh8 17. Rae1 e5 18. Bb1 Rg8 19. Nh4 Qf8 20. Rg3 Qh6 21. Nf3
Rae8 22. Nb5 Bg4 23. Nd6 Ref8 24. Qe3 Qh5 25. Nd4 Nxd4 26. cxd4 Rd8 27. dxe5
fxe5 28. Qxe5+ Qxe5 29. Nf7+ Kg7 30. Nxe5 h5 31. Nxg4 Rge8 32. Ne5+ Kf6 33. Rf3
Rxe5 34. Rxf4+ Ke6 35. Rxe5+ Kxe5 36. g3 Rc8 37. Bd3 Rc1+ 38. Kg2 Rd1 39. Bg6
Rd2 40. Rb4 b6 41. Bxh5 1-0

[Event "4NCL Division 1 & 2"]
[Site "Daventry, ENG"]
[Date "2022.06.26"]
[Round "11.66"]
[White "Ledger, Dave J"]
[Black "Southcott-Moyers, Indy"]
[Result "1-0"]
[WhiteElo "2242"]
[BlackElo "2008"]
[PlyCount "111"]
[EventDate "2022.06.26"]
[WhiteTeam "Blackthorne"]
[BlackTeam "West is Best 1"]

1. e4 e5 2. Nf3 Nc6 3. Bc4 Bc5 4. c3 Nf6 5. d4 exd4 6. e5 d5 7. Be2 Ne4 8. cxd4
Bb6 9. Nc3 O-O 10. O-O Bg4 11. Be3 Nxc3 12. bxc3 f6 13. exf6 Qxf6 14. a4 Bxf3
15. Bxf3 Qf7 16. c4 dxc4 17. Bxc6 bxc6 18. a5 Qd5 19. Qd2 Rfd8 20. axb6 cxb6
21. Qb4 b5 22. Ra6 Rd7 23. h3 Rd6 24. Qc5 Rg6 25. Qxd5+ cxd5 26. Rxg6 hxg6 27.
Bd2 Kf7 28. Ra1 a6 29. Kf1 Kf6 30. f3 g5 31. Kf2 Kf5 32. Bb4 Kf6 33. Ra3 Kg6
34. g4 Kf7 35. Ra1 Ra7 36. Bd2 Kf6 37. Kg3 Ra8 38. Bb4 Ra7 39. Bc3 Ra8 40. Bd2
Ra7 41. Kf2 Ra8 42. Bb4 Ra7 43. Ke2 Ra8 44. Kd2 Kg6 45. Ra3 Kf7 46. Ba5 Rh8 47.
Kc3 Rxh3 48. Kb4 Rh1 49. Kc5 Rb1 50. Bb4 Ke6 51. Rxa6+ Kd7 52. Ra3 Rb2 53. Kxb5
Kc7 54. Kc5 Kb7 55. Re3 Rc2 56. Kxd5 1-0

[Event "4NCL Division 1 & 2"]
[Site "Daventry, ENG"]
[Date "2022.06.26"]
[Round "11.67"]
[White "Khoury, Theo"]
[Black "Varney, Zoe"]
[Result "1/2-1/2"]
[WhiteElo "2103"]
[BlackElo "2101"]
[PlyCount "136"]
[EventDate "2022.06.26"]
[WhiteTeam "West is Best 1"]
[BlackTeam "Blackthorne"]

1. e4 e5 2. Nf3 Nc6 3. d4 exd4 4. Nxd4 Nf6 5. Nxc6 bxc6 6. e5 Qe7 7. Qe2 Nd5 8.
h4 Qe6 9. Nd2 a5 10. g3 Nb4 11. Nf3 Ba6 12. c4 Qg6 13. Kd1 O-O-O 14. h5 Qe6 15.
a3 Nd5 16. Qd2 Qg4 17. Be2 Bxc4 18. Rh4 Bxe2+ 19. Kxe2 Qf5 20. Qxa5 d6 21. Qa8+
Kd7 22. Qxc6+ Kxc6 23. Nd4+ Kd7 24. Nxf5 dxe5 25. Bd2 Ke6 26. Ne3 Be7 27. Rc4
Bd6 28. Nxd5 Kxd5 29. Rac1 Rb8 30. Bb4 c5 31. Bxc5 Rxb2+ 32. Kd3 Rb3+ 33. Kd2
Rc8 34. Rb4 Rxb4 35. axb4 Bxc5 36. bxc5 Rxc5 37. Rb1 Rc7 38. Kd3 Ra7 39. Rb6
Kc5 40. Rb8 Kd5 41. Rb6 Rd7 42. Ke3 Rd6 43. Rb7 Ke6 44. f4 exf4+ 45. Kxf4 Rd4+
46. Kf3 Rd7 47. Rb6+ Kf5 48. Rb5+ Kf6 49. g4 Ra7 50. Kg3 Ra3+ 51. Kh4 Re3 52.
Rf5+ Ke6 53. Rf2 h6 54. Ra2 Ke5 55. Ra7 g5+ 56. hxg6 fxg6 57. Re7+ Kf4 58. Rf7+
Ke5 59. Re7+ Kd4 60. Rd7+ Ke4 61. g5 hxg5+ 62. Kg4 Ra3 63. Re7+ Kd5 64. Rg7 Ra1
65. Kxg5 Rg1+ 66. Kf6 g5 67. Rxg5+ Rxg5 68. Kxg5 Ke5 1/2-1/2

[Event "4NCL Division 1 & 2"]
[Site "Daventry, ENG"]
[Date "2022.06.26"]
[Round "11.68"]
[White "Ledger, Stephen C"]
[Black "Bennett, Patrick"]
[Result "1/2-1/2"]
[WhiteElo "2161"]
[BlackElo "1975"]
[PlyCount "58"]
[EventDate "2022.06.26"]
[WhiteTeam "Blackthorne"]
[BlackTeam "West is Best 1"]

1. d4 Nf6 2. Bg5 e6 3. Nd2 d5 4. e3 Be7 5. Ngf3 Nbd7 6. Bd3 h6 7. Bh4 O-O 8.
O-O c5 9. c3 b6 10. Ne5 Bb7 11. f4 Ne4 12. Bxe7 Qxe7 13. Nxe4 dxe4 14. Bb5 Nxe5
15. fxe5 Qg5 16. Qe2 cxd4 17. cxd4 Rac8 18. Rac1 Rfd8 19. Rc3 Rxc3 20. bxc3 a6
21. Ba4 b5 22. Bb3 Bd5 23. Qf2 Qe7 24. Qb2 Rc8 25. Rc1 Qg5 26. Qd2 Qe7 27. Qb2
Qg5 28. Qd2 Qe7 29. Qb2 Qg5 1/2-1/2

[Event "4NCL Division 1 & 2"]
[Site "Daventry, ENG"]
[Date "2022.06.26"]
[Round "11.71"]
[White "Bisby, Daniel L"]
[Black "Zakarian, David"]
[Result "1-0"]
[WhiteElo "2281"]
[BlackElo "2306"]
[PlyCount "89"]
[EventDate "2022.06.26"]
[WhiteTeam "Cambridge University 1"]
[BlackTeam "Oxford 1"]

1. e4 c5 2. Nf3 Nc6 3. d4 cxd4 4. Nxd4 e5 5. Nb5 d6 6. c4 Be6 7. Bd3 g6 8. O-O
a6 9. N5c3 Bg7 10. Nd5 Bxd5 11. cxd5 Nd4 12. Nc3 Nf6 13. Be3 Nh5 14. Rc1 O-O
15. Ne2 Nxe2+ 16. Bxe2 Nf6 17. f3 Qd7 18. Qb3 Rfc8 19. Rc3 Rxc3 20. bxc3 Rc8
21. Rb1 Rc7 22. Bb6 Rc8 23. Be3 Rc7 24. c4 Qc8 25. Bb6 Rd7 26. Qc3 Ne8 27. Bd1
f5 28. c5 dxc5 29. Ba4 Rf7 30. Qxc5 Qxc5+ 31. Bxc5 Bf8 32. d6 Bxd6 33. Bxd6
Nxd6 34. Bb3 b5 35. Bxf7+ Kxf7 36. exf5 gxf5 37. Kf2 Ke6 38. Rb4 e4 39. fxe4
fxe4 40. Rb3 a5 41. Rh3 Kd5 42. Rxh7 a4 43. h4 Ke5 44. h5 Kf5 45. Rd7 1-0

[Event "4NCL Division 1 & 2"]
[Site "Daventry, ENG"]
[Date "2022.06.26"]
[Round "11.72"]
[White "Claridge-Hansen, William"]
[Black "Hill, Alistair"]
[Result "1-0"]
[WhiteElo "2332"]
[BlackElo "2206"]
[PlyCount "126"]
[EventDate "2022.06.26"]
[WhiteTeam "Oxford 1"]
[BlackTeam "Cambridge University 1"]

1. c4 e5 2. g3 Nf6 3. Bg2 Bc5 4. Nc3 O-O 5. e3 c6 6. Nge2 d5 7. cxd5 Nxd5 8. d4
exd4 9. Nxd5 cxd5 10. Nxd4 Nc6 11. Nb3 Be6 12. Nxc5 Qa5+ 13. Bd2 Qxc5 14. O-O
Rfd8 15. Qa4 Qc4 16. Qxc4 dxc4 17. Bc3 Rd6 18. Rfd1 Rad8 19. Rxd6 Rxd6 20. a4
b6 21. Kf1 f6 22. f4 Na5 23. Ke1 Nb3 24. Rd1 Rxd1+ 25. Kxd1 Kf7 26. Bc6 Nc5 27.
Bd4 Nd3 28. Kd2 Nb4 29. Bb7 f5 30. e4 fxe4 31. Bxe4 g6 32. a5 bxa5 33. Bxa7 Bd5
34. Bb1 Ke6 35. Kc3 Nd3 36. b3 Nb4 37. bxc4 Bf3 38. Bb6 Nc6 39. Bc2 Kf6 40. Kd2
h5 41. Ke3 Bg2 42. h4 Bh1 43. Bd4+ Kf7 44. Bc3 Bg2 45. Ba4 Ke6 46. Bc2 Kf7 47.
Ke2 Bh3 48. Be4 Bd7 49. Bd5+ Ke7 50. c5 Kd8 51. Kd3 Bf5+ 52. Kc4 Kd7 53. Kb5
Bd3+ 54. Kb6 Ne7 55. c6+ Kd6 56. Bf3 Nd5+ 57. Bxd5 Kxd5 58. c7 Bf5 59. Kb7 a4
60. c8=Q Bxc8+ 61. Kxc8 Ke4 62. Kd7 Kf3 63. Be5 Ke4 1-0

[Event "4NCL Division 1 & 2"]
[Site "Daventry, ENG"]
[Date "2022.06.26"]
[Round "11.73"]
[White "Balaji, Aaravamudhan"]
[Black "Nataraj, Nakul"]
[Result "1-0"]
[WhiteElo "2211"]
[BlackElo "2152"]
[PlyCount "67"]
[EventDate "2022.06.26"]
[WhiteTeam "Cambridge University 1"]
[BlackTeam "Oxford 1"]

1. Nf3 Nf6 2. b3 d6 3. d4 g6 4. Bb2 Bg7 5. e3 Nc6 6. Be2 O-O 7. O-O e5 8. c4
Bf5 9. dxe5 Nd7 10. Nc3 Ndxe5 11. Qd2 Qd7 12. Rfd1 Rad8 13. Rac1 b6 14. Nd5 f6
15. Bc3 Kh8 16. Qb2 Qf7 17. Nh4 Be6 18. f4 Ng4 19. e4 Nh6 20. Rf1 Rd7 21. Nf3
Ng8 22. Bd1 Nd8 23. Ne3 f5 24. Ng5 Qe7 25. exf5 Bxf5 26. Qd2 Nf6 27. Nxf5 gxf5
28. Re1 Ne4 29. Nxe4 fxe4 30. Bg4 Re8 31. Bxg7+ Qxg7 32. Bxd7 Qxd7 33. Qd5 Qe7
34. Re3 1-0